Tratado de derecho y economía : herramientas de economía para el análisis jurídico. Tomo I /
Guardado en:
| Autor Principal: | |
|---|---|
| Otros Autores: | , , |
| Formato: | Libro |
| Idioma: | Spanish |
| Publicado: |
Buenos Aires :
La Ley,
2013
|
| Edición: | 1a. ed. |
| Materias: | |
| Etiquetas: |
Agregar Etiqueta
Sin Etiquetas, Sea el primero en etiquetar este registro!
|
| LEADER | 00776nam a22002175a 4500 | ||
|---|---|---|---|
| 001 | DER.der012716 | ||
| 008 | 180615s2013####ag#||||||||||||||#||spa|| | ||
| 005 | 20251112185736.0 | ||
| 245 | 1 | 0 | |a Tratado de derecho y economía : |b herramientas de economía para el análisis jurídico. |n Tomo I / |c Juan Vicente Sola. |
| 250 | |a 1a. ed. | ||
| 260 | |a Buenos Aires : |b La Ley, |c 2013 | ||
| 300 | |a 1461 p. | ||
| 020 | |a 9789870324768 | ||
| 100 | 1 | |a Sola, Juan Vicente | |
| 700 | 1 | |a Phelps, Edmund S. | |
| 700 | 1 | |a Bour, Enrique | |
| 700 | 1 | |a Farrell, Martín | |
| 650 | 7 | |a DERECHO ECONÓMICO | |
| 859 | |a DERECHO |b BIB. DERECHO |h 343.07 |i SOL |p 007702 |v I |3 Tomo I | ||
| 859 | |a DERECHO |b BIB. DERECHO |h 343.07 |i SOL |p 007703 |t 1 |v I |3 Tomo I | ||
| 859 | |a DERECHO |b BIB. DERECHO |h 343.07 |i SOL |p 007450 |t 2 |v I |3 Tomo I | ||
